000 00200 a2200097 4500
001 29405
100 _aClassem
245 _aBetter business english
260 _a
_bArco Co
_c
090 _c19618
_d19618
942 _aNUST-CAE
_cM
_c10689
999 _c264478
_d264478